<?xml version="1.0" encoding="UTF-8"?><?xml-stylesheet type="text/xsl" href="static/style.xsl"?><OAI-PMH xmlns="http://www.openarchives.org/OAI/2.0/" xmlns:xsi="http://www.w3.org/2001/XMLSchema-instance" xsi:schemaLocation="http://www.openarchives.org/OAI/2.0/ http://www.openarchives.org/OAI/2.0/OAI-PMH.xsd"><responseDate>2026-05-17T01:16:07Z</responseDate><request verb="GetRecord" identifier="oai:repisalud.isciii.es:20.500.12105/26535" metadataPrefix="marc">https://repisalud.isciii.es/rest/oai/request</request><GetRecord><record><header><identifier>oai:repisalud.isciii.es:20.500.12105/26535</identifier><datestamp>2025-12-18T12:52:50Z</datestamp><setSpec>com_20.500.12105_2203</setSpec><setSpec>com_20.500.12105_2202</setSpec><setSpec>col_20.500.12105_19585</setSpec></header><metadata><record xmlns="http://www.loc.gov/MARC21/slim" xmlns:dcterms="http://purl.org/dc/terms/" xmlns:doc="http://www.lyncode.com/xoai" xmlns:xsi="http://www.w3.org/2001/XMLSchema-instance" xsi:schemaLocation="http://www.loc.gov/MARC21/slim http://www.loc.gov/standards/marcxml/schema/MARC21slim.xsd">
   <leader>00925njm 22002777a 4500</leader>
   <datafield ind2=" " ind1=" " tag="042">
      <subfield code="a">dc</subfield>
   </datafield>
   <datafield ind2=" " ind1=" " tag="720">
      <subfield code="a">Instituto de Salud Carlos III</subfield>
      <subfield code="e">author</subfield>
   </datafield>
   <datafield ind2=" " ind1=" " tag="720">
      <subfield code="a">Federación Española de Empresas de Tecnología Sanitaria</subfield>
      <subfield code="e">author</subfield>
   </datafield>
   <datafield ind2=" " ind1=" " tag="260">
      <subfield code="c">2025-03-17</subfield>
   </datafield>
   <datafield ind2=" " ind1=" " tag="520">
      <subfield code="a">El pasado 18 de septiembre de 2024, se celebró en Madrid, en las Instalaciones del Instituto de Salud Carlos III (ISCIII), una jornada co-organizada entre el propio ISCIII y la Federación española de Tecnología Sanitarias (Fenin) que tenía por objetivo establecer un diálogo abierto y constructivo entre los actores clave del ecosistema del Sistema Nacional de Salud (SNS), desde el ámbito de la I+D+I en salud y el tejido empresarial asociado, para definir las oportunidades y necesidades conjuntas en materia de investigación e innovación en salud e impulsar la transferencia real de conocimiento y tecnología a los pacientes y la ciudadanía, contribuyendo al desarrollo de un sector sanitario competitivo y sostenible. Todas las sesiones programadas han contado con la participación de representantes del sector público, así como a representantes del sector privado y empresas de tecnología sanitaria asociadas a Fenin. En el transcurso la jornada, se expusieron temas de interés, iniciativas y casos reales de colaboración público-privada en el desarrollo de innovaciones tecnológicas en salud con un marcado especial en el entorno del SNS. La última parte de la jornada consistió en sesiones específicas, con 6 mesas redondas activas que abordaban los siguientes temas: Mesa 1: Integración y compatibilidad de sistemas, Mesa 2: Generación de valor en terapías digitales, Mesa 3: Aceleración de la innovación en dispositivos médicos, Mesa 4: Adopción de innovación en profesionales SNS y su relación con el paciente, Mesa 5: Equidad en el acceso a las nuevas tecnologías y Mesa 6: Dotación de alta tecnología en los sistemas de investigación y desarrollo. Las principales conclusiones de cada mesa se recogen en el presente informe.</subfield>
   </datafield>
   <datafield ind1="8" ind2=" " tag="024">
      <subfield code="a">Instituto de Salud Carlos III; Federación Española de Empresas de Tecnología Sanitaria. Informe ISCIII-FENIN sobre la Jornada: "Un encuentro clave para impulsar la innovación en el sector sanitario español". 17 de marzo de 2025.</subfield>
   </datafield>
   <datafield ind1="8" ind2=" " tag="024">
      <subfield code="a">https://hdl.handle.net/20.500.12105/26535</subfield>
   </datafield>
   <datafield tag="653" ind2=" " ind1=" ">
      <subfield code="a">Sistema Nacional de Salud</subfield>
   </datafield>
   <datafield tag="653" ind2=" " ind1=" ">
      <subfield code="a">Innovación sanitaria</subfield>
   </datafield>
   <datafield tag="653" ind2=" " ind1=" ">
      <subfield code="a">Transferencia de tecnologías</subfield>
   </datafield>
   <datafield tag="653" ind2=" " ind1=" ">
      <subfield code="a">Transferencia de conocimiento</subfield>
   </datafield>
   <datafield tag="653" ind2=" " ind1=" ">
      <subfield code="a">Convenios de colaboración</subfield>
   </datafield>
   <datafield tag="653" ind2=" " ind1=" ">
      <subfield code="a">Colaboración público-privada</subfield>
   </datafield>
   <datafield tag="653" ind2=" " ind1=" ">
      <subfield code="a">España</subfield>
   </datafield>
   <datafield ind2="0" ind1="0" tag="245">
      <subfield code="a">Informe ISCIII-FENIN sobre la Jornada: Un encuentro clave para impulsar la innovación en el sector sanitario español</subfield>
   </datafield>
</record></metadata></record></GetRecord></OAI-PMH>